000 00524nam a2200193Ia 4500
005 20260120131146.0
008 008 260114s9999 xx 000 0 eng d
020 _a9780191807299
037 _aEBOOK
040 _aCRL
_beng
_cCRL
041 _aeng
_2eng
084 _qCRL
100 _aKivivuori
_9923659
245 0 _aDiscovery of Hidden Crime
260 _bOxford University PressOxford University Press
_c2015
856 _uhttps://academic.oup.com/book/9672
942 _cEBOOK
999 _c1515573
_d1515573